|
|
|
|
| LEADER |
01116nam a2200277 a 4500 |
| 001 |
000441532 |
| 003 |
CZ BrMZK |
| 005 |
19990305143423.0 |
| 007 |
ta |
| 008 |
990305s1989 xr f cze d |
| 015 |
|
|
|a cnb000053603
|
| 035 |
|
|
|a (OCoLC)39411759
|
| 040 |
|
|
|a BOA001
|b cze
|
| 080 |
|
|
|a 394.3(437.235)
|2 MRF
|
| 080 |
|
|
|a 793.31(437.235)
|2 MRF
|
| 100 |
1 |
|
|a Jelínková, Zdenka,
|d 1920-2005
|7 ola200205253
|4 aut
|
| 245 |
1 |
0 |
|a Tance z Uherskohradišťska :
|b Staré Město, Mařatice /
|c Zdenka Jelínková, Ladislava Košíková, Jana Polášková ; kresby Jindra Pelková.
|
| 260 |
|
|
|a Brno :
|b Městské kulturní středisko S.K. Neumanna,
|c 1989
|
| 300 |
|
|
|a 174 s., 14 fot. na příl., obr. příl.
|
| 500 |
|
|
|a Bibliogr.
|
| 700 |
1 |
|
|a Košíková, Ladislava,
|d 1957-
|7 ola200209141
|4 aut
|
| 700 |
1 |
|
|a Polášková, Jana,
|d 1945-
|7 mzk2002104625
|4 aut
|
| 910 |
|
|
|a BOA001
|b 4-0952.953
|
| 990 |
|
|
|a BK
|
| 996 |
6 |
|
|b 2618962162
|c 4-0952.953
|l MZK
|r Sklad / do 1 hodiny
|n 2
|w 000441532
|u 000020
|a 1
|e BOA001
|j MZK50
|s P
|
| 996 |
7 |
|
|b 2619761875
|c 4-0952.953
|l MZK
|r Sklad / do 1 hodiny
|n 30
|w 000441532
|u 000010
|a 1
|e BOA001
|j MZK50
|s A
|